| 000 | 00831nam a22002657a 4500 | ||
|---|---|---|---|
| 999 |
_c6357 _d6357 |
||
| 003 | AR-CdUCM | ||
| 008 | 190315b ||||| |||| 00| 0 spa d | ||
| 040 |
_aMUNICIPALIDAD PROVINCIAL DEL CUSCO _cBIBLIOTECA MUNICIPAL DEL CUSCO |
||
| 041 | _hfre | ||
| 082 |
_a848.9 / _bC95 |
||
| 100 |
_aCrommelynck, Fernand _918142 |
||
| 245 |
_aEl estupendo cornudo : _bFarsa en tres actos / |
||
| 260 |
_aBuenos Aires : _bEspasa-Calpe argentina, _c1937 |
||
| 300 |
_a175 paginas ; _c18 cm. |
||
| 440 |
_aColeccion AUSTRAL _9172 |
||
| 500 | _aDonación familia Nieto | ||
| 505 | _aContenido :Teatro / | ||
| 650 |
_aLiteratura francesa _9913 |
||
| 650 |
_aTeatro _9173 |
||
| 650 |
_aSiglo XX _98 |
||
| 700 |
_aAugusto D´Halmar (traductor) _918143 |
||
| 700 |
_aAntonio Espina ( traductor) _918144 |
||
| 942 |
_2ddc _cLIBROS |
||
| 945 | _arjall | ||